000 00499nam a2200169 i 4500
001 87819
003 ES-MaACL
005 20230906175739.0
007 t|
008 041223s1917 sp ||||1| spa d
100 1 _aLacarra y Mendiluce, Victoriano.
_9154916
245 1 0 _aInstituciones Derecho Civil navarro /
_cpor Victoriano Lacarra y Mendiluce.
260 _aPamplona :
_b[s.n.,
_c1917] (
_fImp. M. Falces)
300 _a580 p. ;
_c22 cm.
500 _aEs el t. 1.
852 _aES-MaACL
_jB-13605
999 _c87819
_d87819